Choosing your English: drills for lessons: Units 1-9, side 1: units 10-19 side 2 (Record no. 198581)
[ view plain ]
| 000 -LEADER | |
|---|---|
| fixed length control field | 00362 a2200133 4500 |
| 003 - CONTROL NUMBER IDENTIFIER | |
| control field | Nust |
| 005 - DATE AND TIME OF LATEST TRANSACTION | |
| control field | 20170207154601.0 |
| 040 ## - CATALOGING SOURCE | |
| Transcribing agency | Nust |
| 082 ## - DEWEY DECIMAL CLASSIFICATION NUMBER | |
| Classification number | 025.34 |
| 245 ## - TITLE STATEMENT | |
| Title | Choosing your English: drills for lessons: Units 1-9, side 1: units 10-19 side 2 |
| 505 ## - FORMATTED CONTENTS NOTE | |
| Formatted contents note | Almirah No.73 shelf No.6 |
| 650 ## - SUBJECT ADDED ENTRY--TOPICAL TERM | |
| Topical term or geographic name entry element | English learning |
| 651 ## - SUBJECT ADDED ENTRY--GEOGRAPHIC NAME | |
| Geographic name | Choosing your English |
| 655 ## - INDEX TERM--GENRE/FORM | |
| Genre/form data or focus term | Drills for lessons |
| Withdrawn status | Lost status | Source of classification or shelving scheme | Damaged status | Not for loan | Collection code | Permanent Location | Current Location | Date acquired | Total Checkouts | Full call number | Barcode | Date last seen | Price effective from | Koha item type |
|---|---|---|---|---|---|---|---|---|---|---|---|---|---|---|
| Military College of Signals (MCS) | Military College of Signals (MCS) | 12/12/2016 | 025.34 CHO | MCSCst-3 | 12/08/2016 | 12/12/2016 | Book |
